Brand slogans #1 - Statistics

General Stats
  • This quiz has been taken 77 times
    72 since last reset
  • The average score is 4 of 10
Answer Stats
Slogan Brand % Correct
"Just do it" Nike
90%
"I'm lovin' it" Mc Donald's
85%
"Life's Good" LG
53%
"Das Auto" Volkswagen
51%
"Think different" Apple
20%
"What else?" Nespresso
20%
"Connecting people" Nokia
20%
"Impossible is nothing" Adidas
19%
"Fly Better" Emirates
12%
"The best or nothing" Mercedes-Benz
3%
No matching quizzes found
Score Distribution
Percent of People with Each Score
Percentile by Number Answered
Your Score History
You have not taken this quiz since the last reset